[Event "Oberliga Ost B 2023 2024"]
[Site "?"]
[Date "2024.03.17"]
[Round "9.4"]
[Board "2"]
[White "Khenkin, Igor"]
[Black "Kosev, Momchil"]
[Result "1/2-1/2"]
[WhiteElo "2511"]
[BlackElo "1944"]
[PlyCount "160"]
[EventDate "2023.10.22"]
[EventType "team-tourn"]
[EventCountry "GER"]
[WhiteTeam "Wiesbadener SV"]
[BlackTeam "Erfurter SK II"]
[WhiteTeamCountry "GER"]
[BlackTeamCountry "GER"]

1. d4 d5 2. c4 e6 3. Nf3 c5 4. e3 Nf6 5. cxd5 exd5 6. Bb5+ Nbd7 7. dxc5 a6 8. Be2 Nxc5 9. O-O Bd6 10. b3 O-O 11. Bb2 Qe7 12. Nc3 Rd8 13. Rc1 Bf5 14. Qd4 Ne6 15. Qh4 h6 16. Na4 Nd7 17. Rfd1 Be4 18. Qxe7 Bxe7 19. Nd4 Rac8 20. Nc3 Nxd4 21. Rxd4 Bf6 22. Rdd1 Nb6 23. Nxe4 Bxb2 24. Rxc8 Rxc8 25. Nd6 Rc7 26. Nf5 Rc2 27. Bd3 Rc5 28. g4 a5 29. a4 g6 30. Nxh6+ Kg7 31. g5 d4 32. h4 dxe3 33. fxe3 Rc3 34. Bb5 Rxe3 35. Rd8 Rxb3 36. Rg8+ Kh7 37. Rf8 Rf3 38. Kg2 Rf4 39. Rxf7+ Rxf7 40. Nxf7 Nd5 41. Kf3 Bc3 42. Bc4 Ne7 43. Nd6 b6 44. Ne4 Be1 45. Nf6+ Kg7 46. h5 gxh5 47. Nxh5+ Kg6 48. Kg4 Bd2 49. Nf4+ Kg7 50. Nh5+ Kg6 51. Bd3+ Kf7 52. Nf4 Bxf4 53. Bc4+ Kg6 54. Kxf4 Nc6 55. Bd3+ Kf7 56. Bc4+ Kg6 57. Bd3+ Kf7 58. Kf5 Kg7 59. Bc4 Na7 60. Bd3 Kf7 61. Ke5 Kg7 62. Kd5 Kf7 63. Ke5 Kg7 64. Ke6 Nc6 65. Kd6 Na7 66. Ke7 Nc6+ 67. Kd6 Na7 68. Kd7 Kf7 69. Kc7 b5 70. Bxb5 Nxb5+ 71. axb5 a4 72. b6 a3 73. b7 a2 74. b8=Q a1=Q 75. Qb3+ Kg7 76. Qd5 Qa7+ 77. Kd6 Qb8+ 78. Kd7 Kg6 79. Qd6+ Qxd6+ 80. Kxd6 Kxg5 1/2-1/2

[Event "Oberliga Ost B 2023 2024"]
[Site "?"]
[Date "2024.03.17"]
[Round "9.4"]
[Board "3"]
[White "Seinsoth, Paul"]
[Black "Geske, Julian"]
[Result "0-1"]
[WhiteElo "1890"]
[BlackElo "2385"]
[PlyCount "64"]
[EventDate "2023.10.22"]
[EventType "team-tourn"]
[EventCountry "GER"]
[WhiteTeam "Erfurter SK II"]
[BlackTeam "Wiesbadener SV"]
[WhiteTeamCountry "GER"]
[BlackTeamCountry "GER"]

1. e4 c5 2. Nf3 Nc6 3. d4 cxd4 4. Nxd4 e6 5. Nc3 Qc7 6. Be3 a6 7. Qf3 Nf6 8. O-O-O Ne5 9. Qg3 b5 10. f4 Ng6 11. Bxb5 axb5 12. Ndxb5 Qb8 13. f5 Ne5 14. Ba7 Rxa7 15. Nxa7 Qxa7 16. Qxe5 Bb4 17. fxe6 fxe6 18. Kb1 O-O 19. Rhf1 Bb7 20. Rf3 Bxc3 21. Rxc3 Bxe4 22. g3 Bd5 23. b3 Qa3 24. Rc7 Bc6 25. Rxc6 dxc6 26. Qxe6+ Kh8 27. c4 Ra8 28. Rd2 Re8 29. Qxc6 Re1+ 30. Kc2 Qxa2+ 31. Kc3 Re3+ 32. Rd3 Qa1+ 0-1

[Event "Oberliga Ost B 2023 2024"]
[Site "?"]
[Date "2024.03.17"]
[Round "9.4"]
[Board "4"]
[White "Dubkov, Andrej"]
[Black "Krueger, Rainer"]
[Result "1-0"]
[WhiteElo "2367"]
[BlackElo "2105"]
[PlyCount "79"]
[EventDate "2023.10.22"]
[EventType "team-tourn"]
[EventCountry "GER"]
[WhiteTeam "Wiesbadener SV"]
[BlackTeam "Erfurter SK II"]
[WhiteTeamCountry "GER"]
[BlackTeamCountry "GER"]

1. Nf3 Nf6 2. c4 g6 3. Nc3 d5 4. cxd5 Nxd5 5. h4 h5 6. e4 Nxc3 7. dxc3 Qxd1+ 8. Kxd1 Bg4 9. Kc2 Bxf3 10. gxf3 Nd7 11. Bh3 e6 12. a4 a5 13. Bf1 Bc5 14. Rh2 O-O-O 15. Bg5 Rde8 16. Bb5 c6 17. Be2 Bd6 18. Rhh1 Bc5 19. Raf1 Be7 20. Bf4 e5 21. Bd2 Nc5 22. Bc4 Rh7 23. Ra1 Bd8 24. Be3 Ne6 25. Rad1 Nf4 26. b4 Ng2 27. Bc5 axb4 28. cxb4 Be7 29. Bb6 Bd8 30. a5 Bxb6 31. axb6 Rd8 32. Ra1 Rd4 33. Kc3 Kd8 34. Ra8+ Ke7 35. Rb8 Rd7 36. b5 f5 37. bxc6 bxc6 38. exf5 gxf5 39. b7 Kd6 40. Rd1+ 1-0

[Event "Oberliga Ost B 2023 2024"]
[Site "?"]
[Date "2024.03.17"]
[Round "9.4"]
[Board "5"]
[White "Zitzelsberger, Philipp"]
[Black "Minor, Samuel"]
[Result "0-1"]
[WhiteElo "1984"]
[BlackElo "2224"]
[PlyCount "72"]
[EventDate "2023.10.22"]
[EventType "team-tourn"]
[EventCountry "GER"]
[WhiteTeam "Erfurter SK II"]
[BlackTeam "Wiesbadener SV"]
[WhiteTeamCountry "GER"]
[BlackTeamCountry "GER"]

1. d4 f5 2. Nc3 Nf6 3. Bg5 d5 4. e3 e6 5. Bd3 c5 6. dxc5 Bxc5 7. a3 O-O 8. Nf3 Nc6 9. Qd2 a6 10. Be2 b5 11. O-O h6 12. Bxf6 Rxf6 13. Nd4 Ne5 14. f4 Nc4 15. Bxc4 dxc4 16. Nce2 Bb7 17. Rad1 Qd6 18. Qc3 Qd5 19. Nf3 Qe4 20. Ned4 Rd8 21. Rf2 Rg6 22. Re1 Kh7 23. Ree2 Rf6 24. Qe1 Rg8 25. c3 g5 26. Nd2 Qd3 27. N2f3 Rg7 28. e4 gxf4 29. Ne5 Qh3 30. Rxf4 Bxe4 31. g3 Bd5 32. Nef3 Qh5 33. Ne5 Bd6 34. Qd2 Be4 35. Nxf5 exf5 36. Rexe4 fxe4 0-1

[Event "Oberliga Ost B 2023 2024"]
[Site "?"]
[Date "2024.03.17"]
[Round "9.4"]
[Board "7"]
[White "Sunderbrink, Heino"]
[Black "Geske, Bruna"]
[Result "0-1"]
[WhiteElo "1989"]
[BlackElo "2034"]
[PlyCount "74"]
[EventDate "2023.10.22"]
[EventType "team-tourn"]
[EventCountry "GER"]
[WhiteTeam "Erfurter SK II"]
[BlackTeam "Wiesbadener SV"]
[WhiteTeamCountry "GER"]
[BlackTeamCountry "GER"]

1. Nf3 d5 2. d4 Nf6 3. g3 c6 4. Bg2 Bf5 5. O-O e6 6. c4 Nbd7 7. b3 Be7 8. Bb2 O-O 9. Nc3 h6 10. h3 Re8 11. Nd2 Nb6 12. e4 dxe4 13. Ndxe4 Nbd7 14. Qe2 Nxe4 15. Nxe4 Nf6 16. Nxf6+ Bxf6 17. Rad1 Qc7 18. Rfe1 Rad8 19. a3 a5 20. c5 Rd7 21. Qc4 Red8 22. Kh2 b5 23. cxb6 Qxb6 24. b4 axb4 25. axb4 Bxd4 26. Bxd4 Rxd4 27. Rxd4 Rxd4 28. Qxc6 Qxb4 29. Rc1 Bg6 30. Qa8+ Kh7 31. Rc8 Be4 32. Qa7 Bxg2 33. Kxg2 Rd1 34. Qa8 Qe1 35. Kf3 Qh1+ 36. Ke2 Rd5 37. Rc3 Qd1+ 0-1

[Event "Oberliga Ost B 2023 2024"]
[Site "?"]
[Date "2024.03.17"]
[Round "9.4"]
[Board "8"]
[White "Li, Maxim"]
[Black "Belin, Anton"]
[Result "1/2-1/2"]
[WhiteElo "2050"]
[BlackElo "1891"]
[PlyCount "83"]
[EventDate "2023.10.22"]
[EventType "team-tourn"]
[EventCountry "GER"]
[WhiteTeam "Wiesbadener SV"]
[BlackTeam "Erfurter SK II"]
[WhiteTeamCountry "GER"]
[BlackTeamCountry "GER"]

1. e4 c5 2. Nc3 d6 3. f4 g6 4. Nf3 Bg7 5. Bc4 Nc6 6. O-O e6 7. d3 Nge7 8. Qe1 O-O 9. Bb3 a6 10. Ne2 b5 11. c3 Bb7 12. Be3 Rc8 13. Rd1 Qc7 14. Qh4 Nd8 15. Bc2 d5 16. d4 dxe4 17. Ng5 h6 18. Nxe4 Bxe4 19. Bxe4 c4 20. Qh3 Nb7 21. f5 exf5 22. Bxb7 Qxb7 23. Bxh6 Qe4 24. Rde1 Qg4 25. Qxg4 fxg4 26. Bxg7 Kxg7 27. Nf4 Rfe8 28. Re2 Nf5 29. Rfe1 Red8 30. Re5 Rc6 31. Re8 Rcd6 32. Kf2 Kf6 33. R1e5 g5 34. Rxd8 Rxd8 35. Nh5+ Kg6 36. Ng3 Ng7 37. Ne4 f6 38. Re7 Re8 39. Rxe8 Nxe8 40. Nc5 Nc7 41. Ke3 Kf5 42. g3 1/2-1/2

[Event "Oberliga Ost B 2023 2024"]
[Site "?"]
[Date "2024.03.17"]
[Round "9.5"]
[Board "1"]
[White "Mazurek, Robert"]
[Black "Bethke, Richard"]
[Result "0-1"]
[WhiteElo "2244"]
[BlackElo "2350"]
[PlyCount "56"]
[EventDate "2023.10.22"]
[EventType "team-tourn"]
[EventCountry "GER"]
[WhiteTeam "Gernsheim SK"]
[BlackTeam "Neuberg SF"]
[WhiteTeamCountry "GER"]
[BlackTeamCountry "GER"]

1. d4 Nf6 2. c4 e6 3. Nc3 d5 4. Nf3 Be7 5. e3 O-O 6. Be2 b6 7. cxd5 exd5 8. Ne5 Bb7 9. O-O Nbd7 10. f4 c5 11. Bd2 Ne4 12. Be1 Nxe5 13. fxe5 Bg5 14. Rf3 f6 15. Nxe4 dxe4 16. Bc4+ Bd5 17. Qb3 exf3 18. Bxd5+ Kh8 19. Bxf3 cxd4 20. exd4 fxe5 21. d5 Qf6 22. Bb4 e4 23. Bxf8 Rxf8 24. h4 exf3 25. hxg5 Qd4+ 26. Kf1 fxg2+ 27. Kxg2 Qf2+ 28. Kh1 Rf3 0-1

[Event "Oberliga Ost B 2023 2024"]
[Site "?"]
[Date "2024.03.17"]
[Round "9.5"]
[Board "2"]
[White "Wahedi, Ahmad Siar"]
[Black "Hebbering, Tom Elliot"]
[Result "1/2-1/2"]
[WhiteElo "2264"]
[BlackElo "2198"]
[PlyCount "49"]
[EventDate "2023.10.22"]
[EventType "team-tourn"]
[EventCountry "GER"]
[WhiteTeam "Neuberg SF"]
[BlackTeam "Gernsheim SK"]
[WhiteTeamCountry "GER"]
[BlackTeamCountry "GER"]

1. e4 e5 2. Nf3 Nc6 3. Bb5 a6 4. Ba4 Nf6 5. d3 d6 6. c3 g6 7. d4 Bd7 8. Nbd2 Bg7 9. O-O O-O 10. Re1 Re8 11. a3 b5 12. Bc2 Rc8 13. b4 d5 14. Bb2 Nxe4 15. Nxe4 dxe4 16. Bxe4 exd4 17. cxd4 Ne7 18. Ne5 Be6 19. Bb7 Rb8 20. Nc6 Nxc6 21. Bxc6 Bd7 22. Bf3 Rxe1+ 23. Qxe1 Rb6 24. Rd1 Rd6 25. h3 1/2-1/2

[Event "Oberliga Ost B 2023 2024"]
[Site "?"]
[Date "2024.03.17"]
[Round "9.5"]
[Board "4"]
[White "Schaffer, Hendrik"]
[Black "Mueller, Maximilian"]
[Result "1/2-1/2"]
[WhiteElo "2227"]
[BlackElo "2288"]
[PlyCount "48"]
[EventDate "2023.10.22"]
[EventType "team-tourn"]
[EventCountry "GER"]
[WhiteTeam "Neuberg SF"]
[BlackTeam "Gernsheim SK"]
[WhiteTeamCountry "GER"]
[BlackTeamCountry "GER"]

1. d4 d5 2. c4 dxc4 3. Nf3 Nf6 4. e3 a6 5. Bxc4 e6 6. O-O c5 7. a4 Nc6 8. Qe2 cxd4 9. Rd1 Be7 10. exd4 Nb4 11. Bf4 O-O 12. Bb3 b6 13. Nbd2 Bb7 14. Nc4 Nbd5 15. Be5 Rc8 16. Ne1 g6 17. Ne3 Bd6 18. Nc4 Bc7 19. Rac1 Qe7 20. Nd3 Rfd8 21. Ne3 a5 22. Ng4 Nxg4 23. Qxg4 Bxe5 24. dxe5 Rxc1 1/2-1/2

[Event "Oberliga Ost B 2023 2024"]
[Site "?"]
[Date "2024.03.17"]
[Round "9.5"]
[Board "5"]
[White "Borchert, Rene"]
[Black "Sergin, Mark"]
[Result "1-0"]
[WhiteElo "2231"]
[BlackElo "2241"]
[PlyCount "109"]
[EventDate "2023.10.22"]
[EventType "team-tourn"]
[EventCountry "GER"]
[WhiteTeam "Gernsheim SK"]
[BlackTeam "Neuberg SF"]
[WhiteTeamCountry "GER"]
[BlackTeamCountry "GER"]

1. e4 c5 2. c3 d5 3. exd5 Qxd5 4. Nf3 Nf6 5. d4 Bg4 6. Qa4+ Bd7 7. Qb3 Qxb3 8. axb3 e6 9. Be2 Bd6 10. dxc5 Bxc5 11. b4 Bd6 12. Na3 O-O 13. Nc4 Bc7 14. Be3 Nd5 15. Rxa7 Rxa7 16. Bxa7 Nf4 17. Bc5 Rd8 18. g3 Nxe2 19. Kxe2 Bb5 20. b3 Nd7 21. Bd4 Ra8 22. Rd1 f6 23. Ke1 Ra2 24. Be3 e5 25. Ncd2 Bd3 26. Ng1 e4 27. Nxe4 Ne5 28. Nc5 Bc2 29. Rd2 Bb6 30. Ke2 Bxc5 31. Bxc5 Bxb3 32. Rxa2 Bxa2 33. f4 Bc4+ 34. Kd2 Ng4 35. h3 Nh6 36. g4 Kf7 37. Ke3 Bf1 38. Kf2 Bc4 39. Nf3 Ke6 40. Nd2 Bd5 41. c4 Bc6 42. Nb3 Kf7 43. b5 Bd7 44. Ke3 Ng8 45. Bb4 Bc8 46. Nc5 f5 47. g5 Ne7 48. Nd3 Ng6 49. Bd6 h6 50. gxh6 gxh6 51. Kd4 Ke6 52. Be5 Kd7 53. Kc5 Nf8 54. Kb6 Ne6 55. Ka7 1-0

[Event "Oberliga Ost B 2023 2024"]
[Site "?"]
[Date "2024.03.17"]
[Round "9.5"]
[Board "6"]
[White "Overbeck, Thorsten"]
[Black "Schupp, Uwe"]
[Result "1/2-1/2"]
[WhiteElo "2261"]
[BlackElo "2039"]
[PlyCount "53"]
[EventDate "2023.10.22"]
[EventType "team-tourn"]
[EventCountry "GER"]
[WhiteTeam "Neuberg SF"]
[BlackTeam "Gernsheim SK"]
[WhiteTeamCountry "GER"]
[BlackTeamCountry "GER"]

1. d4 d6 2. Nf3 Nf6 3. c4 Nbd7 4. Nc3 e5 5. Bg5 Be7 6. e3 O-O 7. Be2 c6 8. Qc2 Ne8 9. Bxe7 Qxe7 10. O-O f5 11. b4 e4 12. Nd2 Nef6 13. f4 Kh8 14. c5 d5 15. b5 Ng4 16. Bxg4 fxg4 17. g3 Rf6 18. Nb3 h5 19. Na5 Rh6 20. Qa4 Qf6 21. a3 Nxc5 22. Qc2 Nd3 23. Rab1 h4 24. Kg2 hxg3 25. hxg3 Rh3 26. Qa4 Be6 27. Nxb7 1/2-1/2

[Event "Oberliga Ost B 2023 2024"]
[Site "?"]
[Date "2024.03.17"]
[Round "9.5"]
[Board "7"]
[White "Wenzel, Calvin"]
[Black "Buchinger, Alexis"]
[Result "1-0"]
[WhiteElo "2013"]
[BlackElo "1969"]
[PlyCount "135"]
[EventDate "2023.10.22"]
[EventType "team-tourn"]
[EventCountry "GER"]
[WhiteTeam "Gernsheim SK"]
[BlackTeam "Neuberg SF"]
[WhiteTeamCountry "GER"]
[BlackTeamCountry "GER"]

{[%evp 0,62,28,26,33,12,12,7,28,11,11,11,16,-21,67,84,8,-9,18,13,62,59,75,58,139,56,67,69,69,66,91,82,91,101,94,91,83,85,80,83,113,113,111,109,125,72,106,110,128,64,70,67,109,102,102,96,215,233,224,226,231,229,229,231,239]} 1. e4 e5 2. Nf3 Nc6 3. Bc4 Bc5 4. O-O Nf6 5. d3 O-O 6. c3 d5 7. exd5 Nxd5 8. a4 a5 9. Nbd2 Bf5 10. Re1 Nb6 11. Nxe5 Qh4 12. d4 Nxe5 13. Rxe5 Bd6 14. g3 Qh3 15. Bf1 Qg4 16. Qxg4 Bxg4 17. Re1 Rfe8 18. Rxe8+ Rxe8 19. f3 Bd7 20. Ne4 Bf8 21. Bf4 f5 22. Bxc7 Na8 23. Bc4+ Kh8 24. Nd6 Nxc7 25. Nxe8 Nxe8 26. Bb5 Nf6 27. Re1 b6 28. Bxd7 Nxd7 29. Re8 Kg8 30. Rd8 Nf6 31. Rb8 Nd5 32. Kf2 g6 33. Rd8 Nf6 34. Ke3 Kf7 35. Kd3 Be7 36. Rc8 Nd7 37. Kc4 Ke6 38. Kb5 Bd6 39. Kc6 Ke7 40. Rg8 Nf6 41. Rg7+ Ke6 42. f4 Bf8 43. Rb7 h5 44. c4 Ng4 45. d5+ Kf6 46. Rxb6 Nxh2 47. Kc7+ Kf7 48. d6 Nf1 49. d7 Be7 50. Rb3 Nd2 51. Re3 Ne4 52. d8=Q Bxd8+ 53. Kxd8 g5 54. fxg5 Kg6 55. Ke7 Kxg5 56. Ke6 Kg4 57. Ke5 Nxg3 58. c5 f4 59. Rd3 f3 60. Rd4+ Kh3 61. Rf4 Kg2 62. c6 Ne2 63. Rf8 h4 64. c7 h3 65. c8=Q h2 66. Qg4+ Ng3 67. Qxf3+ Kh3 68. Rh8# 1-0

[Event "Oberliga Ost B 2023 2024"]
[Site "?"]
[Date "2024.03.17"]
[Round "9.5"]
[Board "8"]
[White "Skarke, Harald"]
[Black "Di Capua, Francesco Stefano"]
[Result "0-1"]
[WhiteElo "1965"]
[BlackElo "1993"]
[PlyCount "78"]
[EventDate "2023.10.22"]
[EventType "team-tourn"]
[EventCountry "GER"]
[WhiteTeam "Neuberg SF"]
[BlackTeam "Gernsheim SK"]
[WhiteTeamCountry "GER"]
[BlackTeamCountry "GER"]

1. e4 e5 2. c4 Bc5 3. Nc3 Nc6 4. Nf3 Nf6 5. h3 d6 6. d3 Be6 7. a3 a5 8. Bg5 Qd7 9. Qd2 h6 10. Be3 Nh7 11. g4 Ng5 12. Bg2 Nxf3+ 13. Bxf3 Nd4 14. Bxd4 Bxd4 15. Ne2 Bb6 16. Ng3 g6 17. Rc1 a4 18. Ke2 Bc5 19. Rhe1 c6 20. Nf1 Qd8 21. Ne3 Rb8 22. Rh1 b5 23. h4 Qb6 24. Rc2 Ke7 25. Rb1 bxc4 26. dxc4 Bxa3 27. Ra1 Bxb2 28. Rxa4 Bd4 29. Rca2 Qc5 30. Qc2 Rb7 31. Nd1 Rhb8 32. Kf1 Kf8 33. Be2 Kg7 34. Kg2 Rb3 35. Qc1 Qb6 36. Rc2 Qd8 37. g5 hxg5 38. hxg5 Qh8 39. Kf1 Qh1# 0-1

[Event "Oberliga Ost B 2023 2024"]
[Site "?"]
[Date "2024.03.17"]
[Round "9.6"]
[Board "1"]
[White "Kunin, Vitaly"]
[Black "Konopka, Michal"]
[Result "1-0"]
[WhiteElo "2521"]
[BlackElo "2327"]
[PlyCount "105"]
[EventDate "2023.10.22"]
[EventType "team-tourn"]
[EventCountry "GER"]
[WhiteTeam "Moerlenbach Birkenau Freibauer"]
[BlackTeam "Schoeneck SF"]
[WhiteTeamCountry "GER"]
[BlackTeamCountry "GER"]

1. d4 d5 2. c4 c6 3. Nf3 Nf6 4. Qb3 e6 5. Bg5 Nbd7 6. Nc3 h6 7. Bf4 dxc4 8. Qxc4 Nd5 9. Bd2 Be7 10. e4 Nxc3 11. bxc3 c5 12. Be2 O-O 13. O-O b6 14. Qd3 Bb7 15. Qe3 cxd4 16. cxd4 Rc8 17. Bd3 Qc7 18. e5 Rfd8 19. Ne1 Nb8 20. Qg3 Kf8 21. Bh7 g5 22. f4 Rxd4 23. fxg5 Rxd2 24. gxh6 Ke8 25. Bg8 Be4 26. h7 Bxh7 27. Bxh7 f5 28. Kh1 Nc6 29. Rc1 Kd7 30. Bxf5 Qxe5 31. Qg6 Rd6 32. Bh3 Qg5 33. Qb1 Nd4 34. Rxc8 Kxc8 35. Nd3 Qb5 36. Qc1+ Kb8 37. Rd1 Bg5 38. Qa3 Be7 39. Nf2 Nc6 40. Qg3 Kb7 41. Re1 Qa5 42. Ne4 Rd3 43. Qf2 Qd5 44. Qe2 Bb4 45. Rf1 Qd4 46. Qg4 Ne5 47. Qxe6 Ka6 48. Qf5 Rd1 49. g3 b5 50. Qc8+ Kb6 51. Qb8+ Kc6 52. Nf6 Rxf1+ 53. Bxf1 1-0

[Event "Oberliga Ost B 2023 2024"]
[Site "?"]
[Date "2024.03.17"]
[Round "9.6"]
[Board "2"]
[White "Nazarenus, Moritz"]
[Black "Galdunts, Sergey"]
[Result "1/2-1/2"]
[WhiteElo "2198"]
[BlackElo "2389"]
[PlyCount "20"]
[EventDate "2023.10.22"]
[EventType "team-tourn"]
[EventCountry "GER"]
[WhiteTeam "Schoeneck SF"]
[BlackTeam "Moerlenbach Birkenau Freibauer"]
[WhiteTeamCountry "GER"]
[BlackTeamCountry "GER"]

1. d4 f5 2. Nc3 Nf6 3. Bg5 d5 4. Bxf6 exf6 5. e3 Be6 6. Qf3 Qd7 7. h4 Nc6 8. Bb5 a6 9. Ba4 O-O-O 10. a3 g5 1/2-1/2

[Event "Oberliga Ost B 2023 2024"]
[Site "?"]
[Date "2024.03.17"]
[Round "9.6"]
[Board "3"]
[White "Legde, Georg"]
[Black "Heinatz, Thomas"]
[Result "0-1"]
[WhiteElo "2305"]
[BlackElo "2250"]
[PlyCount "66"]
[EventDate "2023.10.22"]
[EventType "team-tourn"]
[EventCountry "GER"]
[WhiteTeam "Moerlenbach Birkenau Freibauer"]
[BlackTeam "Schoeneck SF"]
[WhiteTeamCountry "GER"]
[BlackTeamCountry "GER"]

1. d4 Nf6 2. c4 g6 3. Nf3 Bg7 4. g3 O-O 5. Bg2 d6 6. O-O Nbd7 7. Nc3 e5 8. e4 c6 9. Re1 Qa5 10. h3 exd4 11. Nxd4 Ne5 12. Bf1 Qb6 13. Nb3 Be6 14. Be3 c5 15. Nd2 Rfe8 16. Rb1 Qc7 17. f4 Nc6 18. Nf3 Rad8 19. Qd2 a6 20. Rbd1 Qb8 21. Bf2 Na7 22. Qc2 b5 23. e5 dxe5 24. Rxd8 Rxd8 25. Nxe5 bxc4 26. Bxc5 Rc8 27. Qf2 Nb5 28. Bg2 Nxc3 29. bxc3 Qb5 30. Bd4 Bd5 31. Bf3 Rb8 32. Qg2 h5 33. Nc6 Qxc6 0-1

[Event "Oberliga Ost B 2023 2024"]
[Site "?"]
[Date "2024.03.17"]
[Round "9.6"]
[Board "4"]
[White "Kirchner, Markus"]
[Black "Boehmer, Christian"]
[Result "1-0"]
[WhiteElo "2150"]
[BlackElo "2132"]
[PlyCount "115"]
[EventDate "2023.10.22"]
[EventType "team-tourn"]
[EventCountry "GER"]
[WhiteTeam "Schoeneck SF"]
[BlackTeam "Moerlenbach Birkenau Freibauer"]
[WhiteTeamCountry "GER"]
[BlackTeamCountry "GER"]

1. e4 c5 2. Nf3 e6 3. c4 b6 4. Nc3 Bb7 5. d4 cxd4 6. Nxd4 d6 7. Be3 Nf6 8. f3 Nbd7 9. Qd2 a6 10. Be2 Be7 11. O-O Qc7 12. Rfc1 O-O 13. a4 Rac8 14. a5 Qb8 15. axb6 Bd8 16. Na4 Nxb6 17. Nxe6 Nxa4 18. Nxd8 Bxe4 19. Rxa4 Bg6 20. Nxf7 Rxf7 21. Rxa6 Rb7 22. Bd4 Nd7 23. Rca1 Bf7 24. Qg5 Ne5 25. f4 h6 26. Qg3 Bxc4 27. fxe5 Bxe2 28. Rxd6 Rb3 29. Qg6 Bd3 30. Qg4 h5 31. Qe6+ Kh7 32. h4 Rc2 33. Ra7 Rxg2+ 34. Kxg2 Be4+ 35. Kh2 Rxb2+ 36. Kg3 Rb3+ 37. Kf4 Qf8+ 38. Qf6 Rf3+ 39. Kxe4 Rxf6 40. Rxf6 Qc8 41. e6 Qc6+ 42. Ke5 Qb5+ 43. Kd6 Qb4+ 44. Bc5 Qb8+ 45. Ke7 Qe5 46. Rf7 Qxc5+ 47. Kd8 Qd6+ 48. Rad7 Qb8+ 49. Ke7 Qb4+ 50. Ke8 Qb8+ 51. Rd8 Qb5+ 52. Kf8 Qc5+ 53. e7 Kh8 54. Rf6 Kh7 55. Rf7 Kh8 56. Rf4 Qa3 57. Kf7+ Kh7 58. Rh8+ 1-0

[Event "Oberliga Ost B 2023 2024"]
[Site "?"]
[Date "2024.03.17"]
[Round "9.6"]
[Board "5"]
[White "Wrede, Michael"]
[Black "Marchio, Enrico"]
[Result "0-1"]
[WhiteElo "2171"]
[BlackElo "2246"]
[PlyCount "68"]
[EventDate "2023.10.22"]
[EventType "team-tourn"]
[EventCountry "GER"]
[WhiteTeam "Moerlenbach Birkenau Freibauer"]
[BlackTeam "Schoeneck SF"]
[WhiteTeamCountry "GER"]
[BlackTeamCountry "GER"]

1. d4 d5 2. Bf4 c5 3. c3 Nc6 4. e3 a6 5. Nd2 Bf5 6. Ngf3 e6 7. Be2 Nf6 8. Nh4 Be4 9. O-O h6 10. Nhf3 Bh7 11. h3 Be7 12. Bh2 O-O 13. Ne5 Nxe5 14. Bxe5 Nd7 15. Bh2 b5 16. f4 Qb6 17. g4 cxd4 18. cxd4 Rac8 19. Nf3 Rc2 20. Rb1 Rfc8 21. Bd3 Bxd3 22. Qxd3 Qc7 23. Ne1 Rc4 24. Kh1 Bd6 25. Nf3 Rc2 26. Bg3 Qc4 27. Qxc4 R8xc4 28. Ne1 Re2 29. Bf2 Nf6 30. Kg2 Ne4 31. Kf3 Rd2 32. a3 g5 33. f5 exf5 34. gxf5 Kg7 0-1

[Event "Oberliga Ost B 2023 2024"]
[Site "?"]
[Date "2024.03.17"]
[Round "9.6"]
[Board "6"]
[White "Meyer, Kai Christian"]
[Black "Dittmar, Peter"]
[Result "1/2-1/2"]
[WhiteElo "2179"]
[BlackElo "2138"]
[PlyCount "80"]
[EventDate "2023.10.22"]
[EventType "team-tourn"]
[EventCountry "GER"]
[WhiteTeam "Schoeneck SF"]
[BlackTeam "Moerlenbach Birkenau Freibauer"]
[WhiteTeamCountry "GER"]
[BlackTeamCountry "GER"]

{[%evp 0,18,16,28,30,30,57,45,77,61,52,65,56,53,43,53,65,48,48,31,35]} 1. d4 e6 2. Nf3 f5 3. g3 Nf6 4. Bg2 Be7 5. c4 O-O 6. Nc3 d6 7. O-O Ne4 8. Qc2 Nxc3 9. bxc3 Nc6 10. e4 fxe4 11. Qxe4 Bf6 12. h4 e5 13. Ng5 Bxg5 14. Bxg5 Qe8 15. Qd5+ Kh8 16. dxe5 dxe5 17. Rab1 h6 18. Be3 Rf6 19. Rfe1 Be6 20. Qb5 Bf5 21. Rb2 a6 22. Qa4 Rb8 23. c5 Bd3 24. Be4 Bxe4 25. Qxe4 Qe6 26. Rd1 Rd8 27. Rxd8+ Nxd8 28. c4 c6 29. Bd2 Qe7 30. Bc3 Qxc5 31. Qxe5 Qxe5 32. Bxe5 Rf7 33. Rd2 Ne6 34. Rd6 Re7 35. f4 Kg8 36. Kf2 Nc5 37. Rd8+ Kf7 38. Kf3 Rd7 39. Rxd7+ Nxd7 40. Ke4 Nc5+ 1/2-1/2

[Event "Oberliga Ost B 2023 2024"]
[Site "?"]
[Date "2024.03.17"]
[Round "9.6"]
[Board "7"]
[White "Schneider, Heiko"]
[Black "Loemker, Axel"]
[Result "1/2-1/2"]
[WhiteElo "2146"]
[BlackElo "2131"]
[PlyCount "48"]
[EventDate "2023.10.22"]
[EventType "team-tourn"]
[EventCountry "GER"]
[WhiteTeam "Moerlenbach Birkenau Freibauer"]
[BlackTeam "Schoeneck SF"]
[WhiteTeamCountry "GER"]
[BlackTeamCountry "GER"]

1. e4 e6 2. d4 d5 3. Nc3 dxe4 4. Nxe4 Nd7 5. Nf3 Ngf6 6. Nxf6+ Nxf6 7. Be3 Be7 8. Bd3 O-O 9. O-O b6 10. Qe2 Bb7 11. Rfd1 Nd5 12. Bd2 Nb4 13. Bxb4 Bxb4 14. c4 Bd6 15. c5 Bf4 16. Be4 Bd5 17. g3 Bh6 18. Ne5 g6 19. Nc6 Bxc6 20. Bxc6 Rb8 21. d5 exd5 22. Bxd5 Qf6 23. cxb6 cxb6 24. b3 Rfe8 1/2-1/2

[Event "Oberliga Ost B 2023 2024"]
[Site "?"]
[Date "2024.03.17"]
[Round "9.6"]
[Board "8"]
[White "Kleschtschow, Juri"]
[Black "Schaefer, Michael"]
[Result "1/2-1/2"]
[WhiteElo "2104"]
[BlackElo "2001"]
[PlyCount "138"]
[EventDate "2023.10.22"]
[EventType "team-tourn"]
[EventCountry "GER"]
[WhiteTeam "Schoeneck SF"]
[BlackTeam "Moerlenbach Birkenau Freibauer"]
[WhiteTeamCountry "GER"]
[BlackTeamCountry "GER"]

1. d4 d5 2. c4 e6 3. Nc3 Nf6 4. Nf3 Be7 5. g3 O-O 6. Bg2 c6 7. O-O b6 8. Ne5 Bb7 9. cxd5 cxd5 10. f3 Nc6 11. Nxc6 Bxc6 12. e4 dxe4 13. fxe4 Qd7 14. Be3 Rad8 15. Bf2 Qb7 16. Qe2 b5 17. Rfe1 b4 18. Nd1 Rfe8 19. Qf3 Rc8 20. Qe2 Rc7 21. Rc1 Rec8 22. d5 exd5 23. e5 Ne4 24. Bd4 Bd7 25. Rxc7 Rxc7 26. Bxe4 dxe4 27. Nf2 Qd5 28. Qxe4 Qxe4 29. Nxe4 Rc2 30. Rd1 Bc6 31. Nf2 a6 32. Ra1 Bg5 33. h4 Be7 34. a3 b3 35. Kf1 Bb5+ 36. Kg1 Kf8 37. Rd1 Ke8 38. Nd3 Bc6 39. Nb4 Bxb4 40. axb4 Rg2+ 41. Kf1 Rxg3 42. Bf2 Bb5+ 43. Ke1 Rf3 44. Rd4 Ke7 45. Rg4 g6 46. Rg3 Rf5 47. Re3 Ke6 48. Bg3 Bc4 49. Kd2 Rf1 50. Re1 Rf5 51. Re3 h6 52. Re4 Bd5 53. Re3 h5 54. Kd3 g5 55. hxg5 Rxg5 56. Be1 Rg1 57. Bc3 Rd1+ 58. Ke2 Rh1 59. Kf2 h4 60. Re1 Rxe1 61. Bxe1 Kxe5 62. Ke3 h3 63. Bg3+ Kf5 64. Bb8 Ke6 65. Kd4 f5 66. Bf4 Be4 67. Bh2 Kf6 68. Ke3 Kg5 69. Bf4+ Kg4 1/2-1/2